000 00979cam a2200157 4500500
005 20251116010547.0
041 _afre
042 _adc
100 1 0 _aBurgart Goutal, Jeanne
_eauthor
245 0 0 _a¿Una nueva primavera para el ecofeminismo?
260 _c2017.
500 _a3
520 _a¡Convergencia de las luchas! Este lema resuena cada vez más fuerte entre quienes resisten al «sistema». Pero, ¿por qué el ecofeminismo, que desde hace cuarenta años trabaja en esta convergencia desplegando experiencias de militancia y de renovación teórica, sigue siendo tan poco conocido? Esta introducción intenta aclarar los puntos fuertes de este movimiento multiforme, al tiempo que se exponen las críticas que se le han hecho; también se sugieren algunas vías para su posible evolución.
786 0 _nMultitudes | 67 | 2 | 2017-06-23 | p. 17-28 | 0292-0107
856 4 1 _uhttps://shs.cairn.info/revista-multitudes-2017-2-page-17?lang=es&redirect-ssocas=7080
999 _c1562731
_d1562731